000
00305nam a22001217a 4500
008
260424b |||||||| |||| 00| 0 eng d
082
_a
001297
100
_a
Shukla, Hiralal
245
_a
Modern Sanskrit Literature
260
_a
Delhi
_b
New Bharatiya Book Corporation
_c
2020
300
_a
308p
942
_2
ddc
999
_c
1322
_d
1322